| Tag |
First Indicator |
Second Indicator |
Subfields |
| LEADER |
00000cam a2200000 a 4500 |
| 001 |
in00000773003 |
| 005 |
20151017055149.0 |
| 008 |
820728s1982 waua s10000 eng d |
| 035 |
|
|
|a (OCoLC)08637980
|
| 035 |
|
|
|9 ADM0473AM
|
| 040 |
|
|
|a OLA
|c OLA
|d m/c
|d TXA
|d UtOrBLW
|
| 043 |
|
|
|a n-us---
|
| 049 |
1 |
|
|a TXA2
|
| 090 |
|
|
|a GC57.2.W3
|b W5 no. 82-1
|
| 245 |
0 |
0 |
|a Boating and moorage in the '80s :
|b proceedings of a workshop held at Seattle, Washington, November 4-6, 1981 /
|c Robert F. Goodwin, editor.
|
| 264 |
|
1 |
|a Seattle :
|b Washington Sea Grant Program, University of Washington,
|c 1982.
|
| 300 |
|
|
|a 136 pages :
|b illustrations ;
|c 23 cm.
|
| 336 |
|
|
|a text
|b txt
|2 rdacontent
|
| 337 |
|
|
|a unmediated
|b n
|2 rdamedia
|
| 338 |
|
|
|a volume
|b nc
|2 rdacarrier
|
| 490 |
1 |
|
|a WSG-WO ;
|v 82-1
|
| 500 |
|
|
|a "A Washington Sea Grant publication."
|
| 500 |
|
|
|a Grant NA81AA-D-00030.
|
| 504 |
|
|
|a Includes bibliographical references.
|
| 500 |
|
|
|a Workshop sponsorsered by Northwest Marine Trade Association, Washington Public Ports Association, Washington Sea Grant.
|
| 650 |
|
0 |
|a Boats and boating
|x Congresses.
|
| 650 |
|
0 |
|a Boats and boating
|z United States
|x Congresses.
|
| 650 |
|
0 |
|a Marinas
|x Congresses.
|
| 650 |
|
0 |
|a Marinas
|z United States
|x Congresses.
|
| 610 |
2 |
0 |
|a National Sea Grant Program.
|b University of Washington.
|
| 700 |
1 |
|
|a Goodwin, Robert F.
|
| 710 |
2 |
|
|a University of Washington.
|
| 710 |
2 |
|
|a Washington State University.
|
| 830 |
|
0 |
|a WSG-WO (Series) ;
|v no. 82-1.
|
| 999 |
|
|
|a MARS
|
| 999 |
f |
f |
|s 8c985899-2810-3401-9c87-ad6621bf953d
|i 456b169d-75b4-3205-887d-250ae9892150
|t 0
|
| 952 |
f |
f |
|p ric
|a Texas A&M University
|b Rellis Campus
|c Joint Library Facility
|d Remote Storage
|t 0
|e GC57.2.W3 W5 no. 82-1
|h Library of Congress classification
|i unmediated -- volume
|m A14809977900
|
| 998 |
f |
f |
|a GC57.2.W3 W5 no. 82-1
|t 0
|l Remote Storage
|